ARRUPE JESUIT UNIVERSITY

CORONAVIRUS -STOP THE SPREAD - CLEAN,DISINFECT,COVER

Karl Popper : (Record no. 130358)

MARC details
000 -LEADER
fixed length control field 01056cam a2200301 a 4500
001 - CONTROL NUMBER
control field 11805149
003 - CONTROL NUMBER IDENTIFIER
control field ARRUPE
005 - DATE AND TIME OF LATEST TRANSACTION
control field 20200212111528.0
008 - FIXED-LENGTH DATA ELEMENTS--GENERAL INFORMATION
fixed length control field 921120s1998 gw b 001 0 ger d
010 ## - LIBRARY OF CONGRESS CONTROL NUMBER
LC control number 99516156
020 ## - INTERNATIONAL STANDARD BOOK NUMBER
International Standard Book Number 3050030216
035 ## - SYSTEM CONTROL NUMBER
System control number (OCoLC)ocm40286118
040 ## - CATALOGING SOURCE
Original cataloging agency OHX
Transcribing agency OHX
Modifying agency IND
-- DLC
041 0# - LANGUAGE CODE
Language code of text/sound track or separate title gereng
042 ## - AUTHENTICATION CODE
Authentication code lccopycat
050 00 - LIBRARY OF CONGRESS CALL NUMBER
Classification number B1649.P64
Item number O35 1980
300 ## - PHYSICAL DESCRIPTION
Dimensions 24 cm.
100 ## - MAIN ENTRY--PERSONAL NAME
Personal name O'Hear, Anthony
9 (RLIN) 10647
245 00 - TITLE STATEMENT
Title Karl Popper :
Remainder of title the arguments of the philosophers /
Statement of responsibility, etc Anthony O'Hear.
260 ## - PUBLICATION, DISTRIBUTION, ETC. (IMPRINT)
Place of publication, distribution, etc London :
Name of publisher, distributor, etc Routledge,
Date of publication, distribution, etc c1980.
300 ## - PHYSICAL DESCRIPTION
Extent xii, 219 p. ;
440 #0 - SERIES STATEMENT/ADDED ENTRY--TITLE
Title The arguments of the philosophers ;
9 (RLIN) 49216
504 ## - BIBLIOGRAPHY, ETC. NOTE
Bibliography, etc Includes bibliographical references (p. 249-253) and indexes.
546 ## - LANGUAGE NOTE
Language note 7 German, 4 English contributions.
600 10 - SUBJECT ADDED ENTRY--PERSONAL NAME
Personal name Popper, Karl R.
9 (RLIN) 43023
906 ## - LOCAL DATA ELEMENT F, LDF (RLIN)
a 7
b cbc
c copycat
d 3
e ncip
f 19
g y-gencatlg
942 ## - ADDED ENTRY ELEMENTS (KOHA)
Source of classification or shelving scheme Library of Congress Classification
Koha item type Monograph ( Printed materials)
Holdings
Withdrawn status Lost status Source of classification or shelving scheme Damaged status Not for loan Collection code Home library Current library Shelving location Date acquired Total Checkouts Full call number Barcode Date last seen Date checked out Price effective from Koha item type
    Library of Congress Classification     Main Collection ARRUPE LIBRARY ARRUPE LIBRARY Main Collection 12/02/2020 1 B1649.P64 O35 1980 46600006433 28/10/2025 18/08/2025 12/02/2020 Monograph ( Printed materials)

 

Arrupe Library. PO Box MP320 Mt Pleasant, Harare, Zimbabwe
263 242 745411|librarian@aju.ac.zw